Giacomo Leopardi

Guardat en:
Dades bibliogràfiques
Autor principal: Leopardi, Giacomo
Altres autors: Lucignani, Luciano
Format: Llibre
Idioma:anglès
Etiquetes: Afegir etiqueta
Sense etiquetes, Sigues el primer a etiquetar aquest registre!

MARC

LEADER 00000nam a2200000 4500
005 20241106184210.0
008 241106b |||||||| |||| 00| 0 eng d
040 |c GP 
100 |a Leopardi, Giacomo 
245 |a Giacomo Leopardi 
700 |a Lucignani, Luciano 
942 |2 ddc  |c BK  |n 0 
952 |0 0  |1 0  |2 ddc  |4 0  |6 808_000000000000000_LEO  |7 1  |9 2171  |a RM  |b RM  |d 2024-11-06  |l 0  |o 808 LEO  |p 400  |r 2024-11-06 18:42:29  |w 2024-11-06  |y BK 
999 |c 1910  |d 1910